000 00677nam a2200205Ia 4500
001 14148
003 GE_BSU
008 181216s||||||||xx |||||||||||||| ||und||
040 _cGE_BSU
080 _a624.21
100 _aВласов,Г.М. Геронимус,В.Б. Поваляев,Е.В. и др.
245 _aРасчет железобетонных мостов.
245 _cПод общей ред. К.К.Якобсона.
260 _aМ.
260 _bТранспорт.
260 _c1970.
300 _a272 стр. 22 см. с илл. Библиогр.: стр. 258-269.
653 _aРасчет железобетонных мостов.
942 _cBK
999 _c47288
_d47288